Conférence Internationale d'Algeciras de 1906. (Record no. 46010)
[ view plain ]
| 000 -LEADER | |
|---|---|
| campo de control de longitud fija | 00365nam a2200133 i 4500 |
| 001 - NÚMERO DE CONTROL | |
| campo de control | 46010 |
| 003 - IDENTIFICADOR DE NÚMERO DE CONTROL | |
| campo de control | ES-MaACL |
| 007 - CAMPO FIJO DE DESCRIPCIÓN FÍSICA--INFORMACIÓN GENERAL | |
| campo de control de longitud fija | t| |
| 008 - DATOS DE LONGITUD FIJA--INFORMACIÓN GENERAL | |
| campo de control de longitud fija | 030327s1908 sp ||||1| fre d |
| 245 00 - MENCIÓN DEL TÍTULO | |
| Título | Conférence Internationale d'Algeciras de 1906. |
| 260 ## - PUBLICACIÓN, DISTRIBUCIÓN, ETC. | |
| Lugar de publicación, distribución, etc. | [Madrid : |
| Nombre del editor, distribuidor, etc. | s.n., |
| Fecha de publicación, distribución, etc. | 1908] ( |
| Fabricante | Imp. de José Biass y Cª) |
| 300 ## - DESCRIPCIÓN FÍSICA | |
| Extensión | 410 p. ; |
| Dimensiones | 34 cm. |
| 852 ## - LOCALIZACIÓN | |
| Ubicación | ES-MaACL |
| Número de control de estantería | B-8641 |
| Estatus retirado | Estado de pérdida | Estado de daño | No para préstamo | Biblioteca de origen | Biblioteca actual | Ubicación en estantería | Fecha de adquisición | Fuente de adquisición | Total de préstamos | Signatura topográfica completa | Código de barras | Visto por última vez | Precio de reemplazo | Tipo de ítem Koha |
|---|---|---|---|---|---|---|---|---|---|---|---|---|---|---|
| Biblioteca del Ateneo de Madrid | Biblioteca del Ateneo de Madrid | Sala Pardo Bazán | 17/01/2008 | B-8641 | 1048405 | 23/02/2023 | 23/02/2023 | Libro impreso |
